000 00688cam a2200229 4500
999 _c11349
_d11349
003 OSt
005 20230319114134.0
008 711019s1971 nyu b 000 0 eng
020 _a9780060937287
082 0 0 _a801
_bHEI
100 1 _aHeidegger, Martin,
_d1889-1976.
245 1 0 _aPoetry, language, thought.
_cTranslations and introd. by Albert Hofstadter.
250 _a[1st ed.]
260 _aNew York,
_bHarper & Row
_c[1971]
300 _axxv, 229 p.
_c22 cm.
490 0 _aHis Works
504 _aIncludes bibliographical references.
650 0 _aPoetry.
650 0 _aLanguage and languages
_xPhilosophy.
906 _a7
_bcbc
_corignew
_d2
_encip
_f19
_gy-gencatlg
942 _2ddc